Città italiane più popolose regione per regione - Statistics

Statistiche generali
  • Questo quiz è stato fatto 89 volte
  • Il punteggio medio è 19 su 20
Statistiche sulle risposte
Regione Popolazione Città % Corretto
LOMBARDIA 1,367,788 Milano
100%
LAZIO 2,746,609 Roma
100%
LIGURIA 564,919 Genova
99%
EMILIA ROMAGNA 391,601 Bologna
97%
CAMPANIA 906,189 Napoli
97%
PIEMONTE 857,917 Torino
97%
MOLISE 47,493 Campobasso
96%
FRIULI VENEZIA GIULIA 198,753 Trieste
96%
SARDEGNA 146,485 Cagliari
95%
TOSCANA 362,760 Firenze
95%
VALLE D’AOSTA 33,162 Aosta
94%
SICILIA 624,974 Palermo
94%
TRENTINO ALTO ADIGE 119,122 Trento
94%
UMBRIA 162,520 Perugia
92%
CALABRIA 168,162 Reggio Calabria
92%
PUGLIA 315,924 Bari
91%
BASILICATA 63,627 Potenza
91%
MARCHE 99,640 Ancona
88%
VENETO 255,082 Verona
87%
ABRUZZO 118,428 Pescara
85%
Nessun quiz corrispondente trovato
Distribuzione punteggi
Percentuale di utenti per punteggio
Percentile per numero di risposta
I tuoi punteggi nel tempo
Non hai fatto questo quiz